First Pokémon by Type Combination: Ice - Statistics

General Stats
  • This quiz has been taken 26 times
  • The average score is 15 of 16
Answer Stats
Type Combination Pokédex # Pokémon Region % Correct
Ice / Flying 0144 Articuno Kanto
100%
Pure Ice 0037 Vulpix Alola
100%
Ice / Water 0087 Dewgong Kanto
95%
Ice / Ghost 0478 Froslass Sinnoh
95%
Ice / Fairy 0038 Ninetales Alola
95%
Ice / Steel 0027 Sandshrew Alola
95%
Ice / Rock 0698 Amaura Kalos
90%
Ice / Electric 0479 Frost Rotom Sinnoh
90%
Ice / Dragon 0646 Kyurem Unova
90%
Ice / Psychic 0122 Mr. Mime Galar
90%
Ice / Dark 0215 Sneasel Johto
90%
Ice / Bug 0872 Snom Galar
90%
Ice / Grass 0459 Snover Sinnoh
90%
Ice / Ground 0220 Swinub Johto
90%
Ice / Fighting 0740 Crabominable Alola
81%
Ice / Fire 0555 Darmanitan (Zen Mode) Galar
81%
No matching quizzes found
Score Distribution
Percent of People with Each Score
Percentile by Number Answered
Your Score History
You have not taken this quiz